000 00314nam a2200121Ia 4500
008 180117s9999 xx 000 0 und d
100 _aby Zac Sarian
245 _aAgri-talk
260 _c2017
300 _a25 pages, 2017 January 8
440 _aPhilippine Panorama
650 _aSWEET CORN SUCCESS ON RENTED LAND
999 _c353560
_d353560